Φορτώνει......

Aspects of Sanskrit literature /

Λεπτομέρειες βιβλιογραφικής εγγραφής
Κύριος συγγραφέας: De, S. K.
Μορφή: Printed Book
Γλώσσα:English
Έκδοση: Calcutta : Firma, 1976.
LEADER 00389nam a2200121Ia 4500
008 150624b xxu||||| |||| 00| 0 eng d
100 |a De, S. K. 
245 |a Aspects of Sanskrit literature /  |c S. K. De 
260 |a Calcutta :  |b Firma,  |c 1976. 
300 |a 315 p. 
942 |c BK 
999 |c 22412  |d 22412 
952 |0 0  |1 0  |4 0  |7 0  |9 22411  |a UL  |b UL  |c ST1  |d 1998-09-01  |l 2  |m 1  |p 33187  |r 2017-12-22  |s 2017-11-14  |w 2012-10-27  |y BK